000 00413nam a2200157Ia 4500
008 220204s9999 xx 000 0 und d
082 _a575
_bANN.9
245 0 _aAnnual review of genetics. V 09
260 _aCalifornia
_bAnnual Reviews
_c1975
650 _aChromosome
650 _aGenetics
650 _aGenetics screening
650 _aSynaponemeal complex
650 _aXeroderma pigmentosum
942 _cBK
999 _c44938
_d44938